[Event "Altensteig"]
[Site "Altensteig"]
[Date "1990.??.??"]
[Round "1"]
[White "Wirthensohn, Heinz"]
[Black "Rajkovic, Dusan"]
[Result "1-0"]
[WhiteElo "2430"]
[BlackElo "2485"]
[Annotator "Wahls,M"]
[PlyCount "73"]
[EventDate "1990.07.??"]
[EventType "tourn"]
[EventRounds "11"]
[EventCountry "GER"]
[EventCategory "9"]
[SourceTitle "CBM 020"]
[Source "ChessBase"]
[SourceDate "1991.02.01"]
[SourceVersion "1"]
[SourceVersionDate "1991.02.01"]
[SourceQuality "1"]

1. Nf3 Nf6 2. c4 c5 3. Nc3 e6 4. g3 b6 5. Bg2 Bb7 6. O-O a6 7. Re1 Be7 8. e4 d6
9. d4 cxd4 10. Nxd4 Qc7 11. Be3 O-O 12. Rc1 Nbd7 13. f4 Rfe8 14. f5 $5 (14. g4)
14... Bf8 15. fxe6 fxe6 16. Bh3 Nc5 17. b4 Ncxe4 18. Nxe4 Nxe4 19. Nxe6 $14 Qf7
20. Nxf8 Rxf8 21. Rf1 Qe7 22. Qd4 b5 23. Bg2 h6 24. Bf4 Rac8 25. Rfe1 Rfe8 26.
cxb5 Rxc1 27. Bxc1 axb5 28. Bf4 d5 29. Bf1 Bc6 30. Bxb5 Bxb5 31. Qxd5+ Qf7 32.
Qxb5 g5 33. Be3 Nc3 34. Qc6 Nd5 35. Qxh6 Nxe3 36. Rxe3 Qa7 37. Qg6+ 1-0

[Event "FIDE-Wch k.o."]
[Site "Moscow"]
[Date "2001.11.27"]
[Round "1.1"]
[White "Pigusov, Evgeny"]
[Black "Ivanov, Alexander"]
[Result "1-0"]
[WhiteElo "2613"]
[BlackElo "2586"]
[Annotator "Wells,P"]
[PlyCount "79"]
[EventDate "2001.11.27"]
[EventType "k.o."]
[EventRounds "7"]
[EventCountry "RUS"]
[SourceTitle "CBM 086"]
[Source "ChessBase"]
[SourceDate "2002.02.05"]
[SourceVersion "1"]
[SourceVersionDate "2002.02.05"]
[SourceQuality "1"]

1. Nf3 Nf6 2. c4 b6 3. g3 c5 4. Bg2 Bb7 5. O-O g6 6. d4 cxd4 7. Qxd4 Bg7 8. Nc3
d6 9. Rd1 Nbd7 10. b3 O-O 11. Qh4 Rc8 12. Bh6 $5 {Actually a common enough
idea, but a rare treatment directly in conjunction with 10 b3. Maybe that is
psychological. The b3 tempo seems more useful than most others.} Rc5 13. Bxg7
Kxg7 14. Qd4 {Job done. Re-centralisation.} Qa8 15. Ne1 a6 (15... Bxg2 $5) 16.
e4 {Although white was not afraid of simplification, the text promises a
stronger initiative than the initiation of further exchanges.} Rcc8 17. Nc2 Nc5
18. Ne3 Rfd8 {Tactically white had everything under control.} (18... b5 19.
cxb5 axb5 20. Ncd5 e5 21. Qb4) (18... Ncxe4 19. Ncd5 (19. Qxb6 Nxc3 20. Bxb7
Rb8 $132)) 19. Ned5 {Positionally, the main worry for black in Maroczy Bind/
Double Fianchetto structures in comparison with the Hedgehog is often reckoned
to be that the move Nd5 will often leave white with either a very powerful
centralised piece, or it will provoke black into playing ...e6 in which case
the d6 pawn will be weak. In fact, with dark squared bishops on the board
black will often be able to prove that d6 is not so serious anyway, or be able
to drum up counterplay on the dark squares which compensates the weakness.
These are two reasons that I think the exchange of dark squared bishops is a
pretty healthy strategy for white in the double-fianchetto.} e5 20. Qe3 Bxd5
21. Nxd5 Nxd5 22. Rxd5 {[%csl Rd6]} Qb8 23. Rad1 Ne6 24. h4 $1 {A nice detail.
Black is clearly headed for d4 with his knight, and white will demonstrate
that after exchanging off that piece he the weaknesses of d6 and b6 give ample
to play with in the double-rook ending. However, the text, by provoking ...h5
without allowing ...Nd4 ( see the next note ) creates a third weakness on g6.
Good Chess!!} h5 (24... Nd4 25. h5 $40 {[%cal Yd1d4,Ye3d4,Yh5h6] In fact gives
white a fierce attack, and a coming exchange sacrifice on d4 is liable to
enable a decisive attacking entry on the king-side.}) 25. Bh3 Rc5 26. Bxe6 fxe6
27. R5d3 $16 Rd7 28. Qg5 Qf8 29. g4 Qf6 30. Rxd6 Rxd6 31. Rxd6 Qxg5 32. hxg5 b5
33. cxb5 axb5 34. gxh5 gxh5 35. Rxe6 h4 36. Rb6 h3 37. Kh2 Rc2 38. Kxh3 Rxf2
39. Rh6 Rxa2 40. Kg4 {time (?)} 1-0

[Event "Charleroi 2nd"]
[Site "Charleroi"]
[Date "2003.08.28"]
[Round "7"]
[White "Vandevoort, Pascal"]
[Black "Genov, Petar"]
[Result "1-0"]
[WhiteElo "2353"]
[BlackElo "2501"]
[Annotator "Winants,L"]
[PlyCount "83"]
[EventDate "2003.08.22"]
[EventType "tourn"]
[EventRounds "9"]
[EventCountry "BEL"]
[EventCategory "4"]
[SourceTitle "EXT 2004"]
[Source "ChessBase"]
[SourceDate "2003.11.25"]
[SourceVersion "1"]
[SourceVersionDate "2003.11.25"]
[SourceQuality "1"]

1. Nf3 c5 2. c4 b6 3. g3 Bb7 4. Bg2 Nf6 5. O-O g6 {Le double fianchetto ; nous
le retrouvons dans les parties des plus grands champions actuels, Karpov,
Kasparov et Kramnik, mais encore bien avant cela, dans celles d'Alekhine,
Capablanca et Botvinnik.} ({Ils pourraient également adopter le dispositif dit
"du hérisson" via} 5... e6 {puis éventuellement, Be7, d6, Nbd7, etc.}) 6. Nc3
Bg7 7. d4 cxd4 8. Qxd4 {Les Blancs, qui misent sur l'avantage d'espace, que
procure encore le pion c4, évitent les échanges, dans le but de provoquer un
embouteillage dans le camp adverse.} ({Deux exemples instructifs après} 8. Nxd4
Bxg2 9. Kxg2 O-O (9... Qc8 10. b3 Qb7+ 11. f3 d5 12. cxd5 Nxd5 13. Nxd5 Qxd5
14. Be3 $1 ({au lieu de} 14. Bb2 O-O 15. Qd3 Rd8 {Capablanca-Botvinnik,
Nottingham 1936}) 14... Nc6 15. Nxc6 Qxc6 16. Rc1 Qe6 17. Qd3 O-O 18. Rfd1 {
avec l'avantage de position , grâce au contrôle des colonnes ouvertes ;
Tal-Polougaïevsky, championnat d'URSS 1976}) 10. e4 Qc7 11. b3 Nxe4 12. Nxe4
Qe5 {avec des chances partagées, selon plusieurs parties du premier match
Kasparov-Karpov en 1984.}) 8... d6 {Encore une recette empruntée au hérisson :
Le Nb8 sera posté en d7, pour garder la diagonale du Bb7, renforcer l'aile du
Roi, puis observer le points d'appuis sur c5 et e5.} ({Alekhine, Botvinnik et
Spassky poursuivaient généralement par} 8... Nc6 9. Qf4 ({sur} 9. Qh4 h6 {
met la Dame en danger ; Tal-Botvinnik, championnat du monde 1960}) 9... Rc8 {
etc.}) 9. Rd1 Nbd7 10. Be3 {Une méthode bien connue ; les Blancs attendent
patiemment le petit roque des Noirs, pour faire passer ensuite leur Dame sur
h4, puis éliminer le Fg7 par Fh6.} ({Mobiliser le Fou sur b2 ne donnerait rien
de concret après} 10. b3 Rc8 11. Bb2 O-O 12. Qe3 Re8 13. Rac1 a6 14. Ba1 Rc5 {
et les Noirs se portaient déjà très bien ; Karpov-Kasparov, championnat du
monde 1986.}) 10... Rc8 11. b3 ({Décidément, les championnats du monde ont
beaucoup influencé cette variante. En voici encore un exemple :} 11. Rac1 O-O
12. Qh4 a6 13. Ne1 Bxg2 14. Nxg2 Re8 15. b3 Qc7 16. Bg5 Qb7 17. Ne3 b5 {
avec égalité ; Kramnik-Kasparov, Londres 2000}) 11... a6 12. Rac1 O-O 13. Qh4
Re8 {Il s'agit de l'ancienne méthode, qui permet de conserver le Fg7.} ({
Le coup} 13... Rc7 {est aujourd'hui employé plus fréquemment :} 14. g4 $5 (14.
Bh3 Qb8 ({Surtout pas} 14... Qa8 15. Bxd7 Rxd7 16. Na4 {et gagne ; Anand-Gomez,
Pays basque 2003}) 15. Bh6 b5 {partie nulle ; Gelfand-Topalov, Batumi 1999}) (
14. Bh6 Qa8 15. Bxg7 Kxg7 16. Ne1 b5 {Karpov-Gelfand, Cap d'Agde 2002}) 14...
h6 15. h3 g5 16. Qg3 b5 17. h4 {donnant une lutte а couteaux tirés ;
Kramnik-Karpov, Séville 1999}) 14. Bh3 {Une conception déjà rencontrée dans la
note précédente et que nous pourrions assimiler а celle du huitième coup, 8.
Qxd4 : les Blancs évitent les échanges qui pourraient se produire le long de
la grande diagonale et exercent une forte pression contre d7 et c8 De plus, le
pion b6 se révèle vulnérable.} Bxf3 {Une transaction discutable, car elle
abandonne les deux Fous а l'adversaire.} (14... Rc7 {comme joué dans une
partie rapide entre Kramnik et Karpov en 1994, valait probablement mieux.}) 15.
exf3 Rc7 16. g4 $1 {Encore une idée thématique : les Blancs menacent de
refouler le Cf6 pour s'emparer ensuite de l'avant-poste d5, puis assiéger b6.}
b5 {Recherche désespérément du contre-jeu.} ({Supposons} 16... Ne5 {il suivrait
} 17. Bg2 Rc8 18. g5 Nfd7 19. f4 Nc6 20. f5 {(vers f6 pour miner d6)} gxf5 21.
Qf4 {puis Dxf5, avec une supériorité évidente, grâce au potentiel du Fou de
cases blanches.}) 17. g5 Nh5 $2 {La faute décisive qui abandonne d5 et
provoque la débâcle.} ({Si} 17... Ne5 $2 18. Bg2 Nfd7 19. f4 Nc6 20. Nd5 Rc8
21. cxb5 axb5 22. Rxc6 {gagne déjà un pion}) ({ou bien sur} 17... b4 $6 {
il suivrait} 18. Na4 Ne5 19. Bg2 Nfd7 20. f4 Nc6 21. c5 {dégageant l'aile Dame
au bénéfice des deux Fous}) ({La meilleure chance consistait donc dans le
sacrifice d'une pièce, via} 17... bxc4 $1 18. gxf6 Bxf6 19. Bg5 (19. Qg3 cxb3)
19... Ne5 20. Kg2 ({Maintenant la retraite sur g2 pourrait entraîner des
complications surprenantes :} 20. Bg2 $2 Nd3 $3 21. Bxf6 (21. Ne4 Nxc1 $1)
21... Nxc1 22. Bd4 (22. Nd5 Ne2+ 23. Kf1 exf6 24. Nxf6+ Qxf6 25. Qxf6 c3) 22...
cxb3 23. Bb6 (23. Rxc1 e5 $1) 23... Rxc3 24. Bxd8 bxa2 25. Qa4 Rxd8 {puis
Tb8-b1 а l'avantage des Noirs.}) 20... Bxg5 (20... Nd3 {ne va plus а cause de}
21. Ne4 $1) 21. Qxg5 cxb3 22. axb3 Qb8 {et après la prise du pion b3, les
Noirs garderont d'excellentes chances de nullité. Pour s'en rendre compte, il
suffirait d'enlever toutes les pièces de l'échiquier et ne garder qu'une Dame
pour les Blancs et seulement une Tour pour Noirs, en f5 ou h5. Malgré le grand
avantage matériel, Dame contre Tour et pion, (ceux des Noirs sont en e6, f7,
g6 et h7) la position est nulle : car la Tour postée sur la cinquième traverse
empêche le Roi ennemi de franchir la quatrième et les pions dispersés (f2, f3
et h2) ne peuvent évidemment pas percer la forteresse.}) 18. Nd5 Rb7 19. cxb5
axb5 20. Qe4 $1 {Comme dans la partie contre Kveinys, publiée la semaine
dernière, la centralisation mortelle. (ici De4 au lieu de 27.Dd4)} Rb8 21. Nb4
({Beaucoup plus fort que} 21. Bxd7 Qxd7 22. Rc7 {. Le Cavalier vise le point
d'infiltration sur c6, non seulement pour la fourchette entre Dame et Tour,
mais aussi parce que le Cd7, menacé par le Fh3, doit être défendu.}) 21... Rc8
(21... Ne5 22. f4 f5 23. gxf6 (23. Qg2 Qa5) 23... Nxf6 24. Qg2 Nf7 25. Nc6 {
ne sauvait pas les Noirs non plus.}) 22. Rxc8 Qxc8 23. Rc1 Nc5 {Perd une pièce,
} ({mais si} 23... Qd8 24. Nc6 {prend la maison tout entière.}) 24. Bxc8 Nxe4
25. fxe4 Bb2 {Les Noirs auraient d'ores et déjà pu déposer les armes, mais
probablement vexés par la tournure des événements ont préféré continuer ce
combat complètement inégal. Il suivit encore :} 26. Rc2 Ba3 27. Nd3 e6 28. Bd7
Rd8 29. Bxb5 d5 30. e5 Ng7 31. Ba6 d4 32. Bc1 Be7 33. Rc8 Rxc8 34. Bxc8 Kf8 35.
Bb7 Ke8 36. Be4 Kd7 37. Kf1 Ne8 38. h4 Nc7 39. a4 Na6 40. Bb2 Nc5 41. Nxc5+
Bxc5 42. Ke2 {et, mieux vaut tard que jamais, Genov s'est enfin retiré.} 1-0

[Event "Bundesliga 0809"]
[Site "Germany"]
[Date "2008.12.14"]
[Round "9.3"]
[White "Chuchelov, Vladimir"]
[Black "Wojtaszek, Radoslaw"]
[Result "0-1"]
[WhiteElo "2575"]
[BlackElo "2599"]
[Annotator "Wojtaszek,R"]
[PlyCount "60"]
[EventDate "2008.10.03"]
[EventType "team-tourn"]
[EventRounds "15"]
[EventCountry "GER"]
[SourceTitle "CBM 127 Extra"]
[Source "ChessBase"]
[SourceDate "2009.01.08"]
[SourceVersion "2"]
[SourceVersionDate "2009.01.28"]
[SourceQuality "1"]
[WhiteTeam "Katernberg"]
[BlackTeam "Hamburger SK"]
[WhiteTeamCountry "GER"]
[BlackTeamCountry "GER"]

1. c4 Nf6 2. Nc3 e6 3. Nf3 c5 4. g3 b6 5. Bg2 Bb7 6. O-O Be7 7. d4 cxd4 8. Qxd4
d6 9. b3 {I didn't prepare too much before this game as it was played at 10
o'clock; so I was out of book very early.} Nbd7 $6 (9... O-O $1 {With this
move Black can avoid any ideas with Nb5} 10. Rd1 Nbd7 11. Bb2 a6 12. e4 Qc7 {
with a typical hedgegog structure.}) 10. Nb5 Nc5 11. Rd1 {Only here I realised
that ...Nfe4 is a well-known mistake.} d5 (11... Nfe4 $2 12. Qxg7 $1 Bf6 13.
Qh6 Bxa1 14. Ng5 Qf6 (14... Be5 15. b4 $1) 15. Nxe4 Nxe4 16. Bxe4 Qxh6 17. Bxh6
Bxe4 18. Nxd6+ Ke7 19. Nxe4 $16) 12. cxd5 exd5 13. Bb2 ({Black has no problems
after} 13. Ba3 $6 Qd7 $1 {in Ivanchuk-Nisipeanu, 1999}) (13. Be3 $5 {with the
idea Qb2 and Bd4 was also possible.}) 13... O-O 14. Bh3 $14 Re8 (14... Nce4 15.
Qd3 Bc5 16. Nfd4 $14) 15. Rac1 Bf8 16. Rc2 ({During the game I considered
mainly} 16. e3 Ba6 (16... a6 17. Nc3 Ne6 18. Qh4 $14) 17. Nc3 Nd3 $1 18. Rc2 (
18. Rb1 $2 Ne4 19. Rxd3 Bc5 20. Qxe4 Rxe4 21. Rxd5 Qe8 $15) 18... Bc5 (18...
Ne4 $2 19. Nxd5 $1 $16) 19. Qa4 Nxb2 20. Rxb2 Bb7 $14 {and Black is only
slightly worse here.}) 16... Nce4 17. b4 $1 (17. e3 $4 Bc5 (17... Bc8 18. Bxc8
Rxc8 19. Nc3 Bc5 20. Qa4 a5 $11) 18. Qd3 Nxf2 $1 $19) (17. Qd3 Bc5 18. Nbd4 a5
$5 $11) 17... Bc8 $1 $11 (17... Ba6 $6 18. Nc7 Bc5 (18... Bxe2 $4 19. Nxe8 Bxf3
20. Nxf6+ Nxf6 21. Rdc1 $18) 19. bxc5 Qxc7 20. c6 Nc5 21. Ne5 $16) 18. Bxc8 {
My opponent was already in time trouble here.} (18. Bg2 Bd7 $1 {was the point}
(18... Bf5 19. Rdc1 Nxf2 $5 20. Qxf2 Bxc2 21. Rxc2 Bxb4 $14) 19. Nc7 Ba4 20.
Nxe8 Qxe8 21. Ne1 Bxc2 22. Nxc2 a5 $1 $11) (18. Bf1 Bd7 (18... Bf5 $5 19. Rdc1
Nxf2 20. Kxf2 Ng4+ 21. Kg1 Bxc2 22. Rxc2 Re4 23. Qd3 Ne3 24. Rc1 Bxb4 $132) 19.
e3 a5 $1 {and Black is fine.}) 18... Rxc8 19. Rdc1 Rxc2 20. Rxc2 Qd7 21. Qd3 (
21. Nc3 Nxc3 22. Qxc3 Qb5 $1 $11) 21... Rc8 $2 {I missed good chances to
equalise here.} (21... Bxb4 22. Bxf6 Nxf6 23. Rc7 Qe6 $11) (21... Ng4 22. Bd4 (
22. Rc7 Qe6 23. Bd4 a6 $15) 22... Bxb4 23. Rc7 Qd8 24. Rxa7 Bc5 25. Nc7 Rf8 (
25... Ngxf2 26. Qa6 $1 Rf8 27. Ne6 $1 $18) 26. Bxc5 bxc5 27. Nxd5 Nexf2 28.
Ne7+ Qxe7 29. Rxe7 Nxd3 30. exd3 $11) 22. Ne5 $6 (22. Rxc8 $1 Qxc8 23. Nxa7 Qa8
24. Qa3 Bxb4 25. Qxb4 Qxa7 26. a3 $14) 22... Qf5 23. f3 Rxc2 24. Qxc2 Nxg3 25.
Qc7 $6 (25. Qxf5 $1 Nxf5 26. Nc6 a6 27. Nc7 Bd6 28. Nxa6 {and I think Black
still has to fight for a draw.}) (25. e4 $2 {didn't work because of} Ngxe4 26.
fxe4 Nxe4 $17 {White can't consolidate his pieces here.}) 25... Qb1+ (25... Ne8
{also leads only to a draw} 26. Qd8 Qb1+ 27. Kf2 Nh1+ 28. Kg2 Qxb2 29. Qxe8
Qxe2+ 30. Kh3 Nf2+ 31. Kg3 Nh1+) 26. Kg2 Qf1+ 27. Kxg3 Nh5+ (27... Qg1+ 28. Kh3
Qf1+ 29. Kg3 $11) 28. Kh4 $1 g5+ (28... Qf2+ 29. Kh3 (29. Kxh5 g6+ 30. Nxg6
fxg6+ 31. Kg5 Qxe2 32. Qe5 $1 Qg2+ 33. Kh4 Qf2+ 34. Kg4 Qg2+ $11) 29... Qf1+
30. Kh4 $11) 29. Kxg5 h6+ 30. Kg4 $4 {A terrible mistake in the last moment.} (
30. Kh4 Qf2+ 31. Kxh5 Qxh2+ 32. Kg4 Qg2+ 33. Kh4 $11) 30... Qg2+ {With mate in
2.} 0-1